000 00596nam a2200217Ia 4500
003 OSt
005 20230502112916.0
008 210423s1997 xx 000 0 und d
020 _a8186954230
040 _cAL
041 _aeng
082 _a574.1921 LIPS
100 _aLIPPARD (Stephen J);BERG (Jeremy M).
_995851
245 _aPrinciples of bioinorganic chemistry.
260 _aBangalore
_bPanima Publishing Corporation
_c1997
300 _axvii,411
_bPB
365 _b795
_cINR
650 _aBiochemistry
_995852
906 _abioinorganic ; chemistry ; Principles
942 _2ddc
_cBK
999 _c162927
_d162927